[Event "CAN-ch U14 Girls"]
[Site "Victoria"]
[Date "2009.07.22"]
[Round "4"]
[White "Hemmings, Sydney"]
[Black "Yun, Chang"]
[Result "0-1"]
[WhiteElo "981"]
[BlackElo "1174"]
[PlyCount "118"]
[EventDate "2009.07.21"]
[EventType "swiss"]
[EventRounds "7"]
[EventCountry "CAN"]
[SourceTitle "EXT 2011"]
[Source "ChessBase"]
[SourceDate "2010.11.26"]
[SourceVersion "1"]
[SourceVersionDate "2010.11.26"]
[SourceQuality "1"]

1. Nf3 Nf6 2. g3 g6 3. Bg2 Bg7 4. 0-0 0-0 5. d3 d5 6. Nbd2 c5 7. e4 e6 8. e5 Nfd7 9. Re1 Nc6 10. b3 Ndxe5 11. Nxe5 Nxe5 12. Bb2 Nf3+ 13. Nxf3 Bxb2 14. Rb1 Bg7 15. Qc1 Bd7 16. Ne5 Be8 17. Ng4 Kh8 18. Rd1 Bc6 19. Ra1 Bxa1 20. Qxa1+ d4 21. Bxc6 bxc6 22. Ne5 Qd6 23. Re1 a5 24. Nf3 Kg8 25. Ng5 a4 26. Ne4 Qe7 27. Nd2 axb3 28. cxb3 Qa7 29. a4 Rfd8 30. Nf3 Rab8 31. Qb2 Qxa4 32. bxa4 Rxb2 33. Ra1 Rdb8 34. Kg2 f6 35. a5 Ra8 36. a6 Ra7 37. Kf1 Rb6 38. Nd2 Rbxa6 39. Rxa6 Rxa6 40. Kg2 f5 41. Nf3 Kg7 42. Ng5 e5 43. Ne6+ Kf7 44. Nxc5 Ra3 45. Kh3 Rc3 46. Nd7 e4 47. dxe4 fxe4 48. Ne5+ Kg7 49. Kg2 d3 50. Kf1 Rc1+ 51. Kg2 d2 52. Kh3 d1Q 53. Ng4 h5 54. Ne3 Qd7+ 55. Kg2 Qf7 56. Nf1 Qf3+ 57. Kh3 g5 58. Nd2 Qxf2 59. Nxe4 Qf1# 0-1